000 00626cam a22001337a 4500
008 180718b1970 xxu||||| |||| 00| 0 eng d
082 _aB7x5413 B489
100 _aBihar. Commission to inquire into the Affairs of the Patna Improvement Trust, the Patna Municipal Corporation and the Patna Water Board
245 _aReport of Commission to inquire into the Affairs of the Patna Improvement Trust, the Patna Municipal Corportion and the Patna Water Board appointed by the Government of Bihar, 1969
260 _aPatna
_bThe author
_c1970
300 _a179+p.
500 _aChairman: S.P. Varma
700 _aVarma, S.P. (Chairman)
999 _c488263
_d488263